000 00663nam a2200241Ia 4500
008 160803s9999 xx 000 0 und d
020 _a0590472372 (paperback)
100 _aHalpern, Shari
245 _aMy river /
245 _cby Shari Halpern.
260 _aNew York :
260 _bScholastic Inc.
260 _c1992
300 _a38 pages :
300 _bcolor illustrations ;
300 _c21 cm
500 _aOriginally published: New York : Macmillan Publishing Company, 1992.
650 _aFreshwater animals --
650 _aStream animals --
650 _xJuvenile literature.
650 _xJuvenile literature.
700 _aBR
999 _c299736
_d299736